000 00335nam a22001217a 4500
008 230620b xxu||||| |||| 00| 0 eng d
082 _a309.8
_bLEO
100 _cDavid K.Leonard
245 _aRural Administration in Kenya
_bA Critical Appraisal
260 _aNairobi, Kampala, Daersalaam
_bEALB
_c1973
300 _a150p
942 _2ddc
_cBK
999 _c1443
_d1443